中國的民族自治州首府(繁體中文版)Capitals of Autonomous Prefectures in China(SC Ver) - Statistics

General Stats
  • This quiz has been taken 22 times
  • The average score is 11 of 30
Answer Stats
自治州 首府 % Correct
延邊朝鮮族自治州 延吉市
95%
恩施土家族苗族自治州 恩施市
86%
湘西土家族苗族自治州 吉首市
68%
涼山彞族自治州 西昌市
68%
甘孜藏族自治州 康定市
64%
楚雄彞族自治州 楚雄市
45%
文山壯族苗族自治州 文山市
45%
紅河哈尼族彞族自治州 蒙自市
41%
西雙版納傣族自治州 景洪市
41%
阿壩藏族羌族自治州 馬爾康市
36%
黔西南布依族苗族自治州 興義市
32%
德宏傣族景頗族自治州 芒市
32%
怒江傈僳族自治州 泸水市
32%
海西蒙古族藏族自治州 德令哈市
32%
昌吉回族自治州 昌吉市
32%
黔东南苗族侗族自治州 凱里市
27%
大理白族自治州 大理市
27%
迪慶藏族自治州 香格里拉市
27%
臨夏回族自治州 臨夏市
23%
甘南藏族自治州 合作市
23%
海北藏族自治州 海晏縣
23%
黃南藏族自治州 同仁市
23%
巴音郭楞蒙古自治州 庫爾勒市
23%
黔南布依族苗族自治州 都勻市
18%
海南藏族自治州 共和縣
18%
果洛藏族自治州 瑪沁縣
18%
玉樹藏族自治州 玉樹市
18%
博爾塔拉蒙古自治州 博樂市
18%
克孜勒蘇柯爾克孜自治州 阿圖什市
18%
伊犁哈薩克自治州 伊寧市
18%
No matching quizzes found
Score Distribution
Percent of People with Each Score
Percentile by Number Answered
Your Score History
You have not taken this quiz